00381nam a2200145Ia 4500003000400000005001700004008004000021020001800061040000700079082001900086100001800105245004900123260005500172300000800227OSt20230120141935.0210210b2001 xxu||||| |||| 00| 0 eng d a81 259 1082 4 cAL a658.15076 PANF aPANDEY (I M). aFinancial Management Exercises and Solutions aNew Delhi.bVikas Publishing House Pvt Ltd.,c2001 a167